000
00291nam a22001097a 4500
082
_a
629.2 NEW'M
100
_a
STEEDS, W,NEWTON, K
_9
77951
245
_a
THE MOTOR VEHICLES A TEXTBOOK FOR STUDENTS DRAUGHSMAN AND OWNER DRIVERS
260
_a
LONDON
_b
ELBS
_c
1978
300
_a
719P
942
_c
BK
999
_c
583120
_d
583120